| 000 | 01632nam a22001457a 4500 | ||
|---|---|---|---|
| 999 |
_c530354 _d530354 |
||
| 008 | 250610b ||||| |||| 00| 0 eng d | ||
| 100 |
_aPeng, Jing Yang, Kaifeng and Chu, Mengran _954164 |
||
| 245 | _a Social equity amid Covid-19: Examining health disparities from the perspective of governmental and social responsiveness | ||
| 260 | _aThe American Review of Public Administration | ||
| 300 | _a55(1), Jan, 2025: p.65-83 | ||
| 520 | _aWhile racial health disparities have long been studied, the literature has paid insufficient attention to situations such as health emergencies or pandemics and has generated conflicting results regarding some important explanatory variables. This article considers the impact of governmental and social responsiveness on health disparities in a pandemic. The hypotheses are tested with data from Florida's 67 counties in COVID-19. The results indicate that minority representation on local commissions influences local governments’ responsiveness to the disparities, and local government forms moderate the impact of local commission ideology and citizen ideology. The results also show that in counties with greater racial socioeconomic equality, community social capital increases, rather than decreases, the racial disparities. The political participation gap between white and black populations increases the disparities.- Reproduced https://journals.sagepub.com/doi/full/10.1177/02750740241284601 | ||
| 650 |
_aHealth disparities, Social equity, Governmental responsiveness, Social capital _954165 |
||
| 773 | _aThe American Review of Public Administration | ||
| 942 | _cAR | ||